03328nam a2200313 a 4500001001000000003000400010005001700014008004100031020001500072040002500087082002400112100003900136245006400175250001100239260006200250300004900312490002700361505181700388651004202205830003402247910004102281942001402322952013702336952013702473952013702610952012202747952012802869999001702997000015192OSt20240305090729.0100203s2005 dr abc 000 0 spa d a999343356X aDO-SdBNPbspacBNPHU a972.93bF825h, 20051 aFranco, Franklin J.,d1936-93441710aHistoria del pueblo dominicano /cFranklin Franco Pichardo. a6a ed. aSanto Domingo :bSociedad Editorial Dominicana,c[2005?]. axxxiv, 659 p. :bil., map., retrs. ;c26 cm.1 aEdiciones Tallerv12640 aPrecedentes del encuentro -- Del proyecto de Colón a las capitulaciones de Santa Fe -- El encuentro de dos mundos --La conquista de la isla española -- Se inicia desgracia de Colón -- Gobierno del Virrey Diego Colón -- Gobierno de los padres Jerónimos -- Los problemas religiosos, económicos y políticos de la esclavitud y la encomienda de los aborigenes -- Regresa al gobierno Diego Colón -- Esclavitud y azucar -- Gobierno del Obispo Ramírez de Fuenleal -- Leyes nuevas desatan conflictos. Corsarios inician ataques -- El decaimiento económico y social en el Siglo XVII -- Nueva guerra entre España e Inglaterra desata el corso y la piratería a principios del Siglo XVIII -- La situacin económica, social y política de la colonia francesa -- Los conflictos derivados del Tratado de Basilea -- Consecuencias políticas, sociales y económicas derivadas de la unificación de la isla --Del período de la España Boba -- Período de integración con Haití -- Duarte y las luchas sociales y políticas por la independencia nacional --La situación económica y social: 1844-1850 -- Lucha entre Pedro Santana y Buenaventura Báez. La anexión -- Hacia la guerra de la restauración -- Se inicia la Segunda República -- Los gobiernos liberales del partido azul y la situacin económica y social -- Hacia la consolidación de la hegemonía norteamericana --El regimen dictatorial de Cáceres -- De la monarquía a la intervencin militar norteamericana -- La intervención militar americana -- Gobierno de Horacio Vásquez -- La era de Trujillo -- Trujillo y las empresas azucareras -- Se inicia la crisis de la dictadura -- La invasión del 14 de junio y sus consecuencias -- Gobierno del consejo de Estado -- El gobierno del profesor Juan Bosch --El triunvirato. 4aRepública DominicanaxHistoria9170 1aEdiciones Tallern1264934418 aValidado. Control de calidad MMOLINA 2ddccLBS1 001054708DSaGRbGRcHDd2010-02-03iLF1l0o972.93 F825h, 2005p15192-30r2020-06-25te. 3w2020-06-25yLFDSZPréstamo en sala 001054708DSaGRbGRcHDd2010-02-03iLF1l0o972.93 F825h, 2005p15192-40r2020-06-25te. 4w2020-06-25yLFDSZPréstamo en sala 001154708DSaGRbGRcMId2010-02-03iLF1l0o972.93 F825h, 2005p15192-50r2020-06-25te. 5w2020-06-25yLFDSZPréstamo en sala 0010718PDaPDbPDcHDd2010-02-03iLF1l0o972.93 F825h, 2005p15192-10r2020-06-25w2020-06-25yLFPDZNo se presta 0010718PDaPDbPDcHDd2010-02-03iLF1l0o972.93 F825h, 2005p15192-20r2020-06-25te. 2w2020-06-25yLFPDZNo se presta c14763d14763